| 000 | 00372nam a2200145Ia 4500 | ||
|---|---|---|---|
| 005 | 20250313145245.0 | ||
| 008 | 240331s9999 xx 000 0 und d | ||
| 082 |
_bGAN _a894 |
||
| 100 | _aGanesalingam, S | ||
| 245 | 0 | _aUlaga santhaiyil oru penn | |
| 260 |
_aVadapalani _bMaanvizhi pathippagam _c1996 |
||
| 300 | _a176 p ., | ||
| 500 | _aA Women's Based novel | ||
| 942 | _cL | ||
| 999 |
_c3755 _d3755 |
||